| 000 | 00516nam a2200193Ia 4500 | ||
|---|---|---|---|
| 005 | 20250423100451.0 | ||
| 008 | 250422s9999 xx 000 0 und d | ||
| 020 | _a9780131424739 | ||
| 050 | _aTE 251 .H83/ | ||
| 100 | _aHuang, Yang H. | ||
| 245 | 0 | _aPavement analysis and design | |
| 250 | _a2nd ed. | ||
| 260 | _aUnited Kingdom | ||
| 260 | _bPearson Prentice Hall | ||
| 260 | _c2014 | ||
| 300 | _a775 p | ||
| 650 | _aPavements--Design and construction. Structural analysis (Engineering) | ||
| 942 | _cBK | ||
| 999 |
_c33392 _d33392 |
||